| 000 | 01299cab a2200349 4500 | ||
|---|---|---|---|
| 001 | ABS55318 | ||
| 008 | 090401t1996 xxu||||| |||| 00| 0 eng d | ||
| 035 | _a(Sirsi) u15720 | ||
| 041 | _aeng | ||
| 100 | _aOsborn, N. | ||
| 245 | _aCompulsory purchase | ||
| 260 | _c1996 | ||
| 350 | _a0 | ||
| 490 |
_aSolicitors` Journal _v140(23) 14 June 1996, 590-591(2) |
||
| 520 | _aAnalysis of recent compulsory purchase cases including withdrawal of notice to treat, Section 52 payments and public interest and compensation. | ||
| 650 | _aDIRECTOR OF BUILDINGS AND LANDS V SHUN FUNG IRONWORKS LTD | ||
| 650 | _aFARRELL V ALEXANDER | ||
| 650 | _aHIPSEY V SOS ENVIRONMENT AND THURROCK | ||
| 650 | _aLAND COMPENSATION ACT 1961 | ||
| 650 | _aLAND COMPENSATION ACT 1973 | ||
| 650 | _aNOTICE TO TREAT | ||
| 650 | _aR V NORTHUMBRIAN WATER LTD EX P ABLE UK LTD | ||
| 650 | _aROTHSCHILD V SOS TRANSPORT | ||
| 650 | _aROYAL LIFE INSURANCE V SOS ENVIRONMENT | ||
| 650 | _aSAVE BRITAINS HERITAGE V NO 1 POULTRY LTD | ||
| 650 | _aSECTION 52 PAYMENTS | ||
| 650 | _aULLAH V LEICESTER CC | ||
| 650 | _aYORKSHIRE TRACTION CO LTD V SOS TRANSPORT | ||
| 690 | _aENVIRONMENTAL AND LAND CONSULTANCY-PLANNING AND DEVELOPMENT-COMPULSORY PURCHASE AND COMPENSATION | ||
| 942 | _n0 | ||
| 948 | _c04/03/1997 | ||
| 999 |
_c10334 _d10334 |
||